1861 1891 1530 1359 1812 1423 1205 1548 1448 1156 1327 1527 1880 1395 1696 1347 1473 1696 1485 1352 1081 1538 1042 1652 1117 1002 1153 1524 1303 1040 1429 1556 1626 1905 1306 1407 1032 1675 1030 1566 1135 1593 1098 1321 1034 1400 1750 1367 1206 1485 1529 1901 1839 1637 1902 1017 1771 1325 1728 1270 1008 1227 1627 1133 1866 1346 1512 1956 1821 1219 1795 1760 1847 1435 1732 1337 1377 1499 1157 1837 1251 1418 1430 1112 1967 1974 1567 1327 1819 1990 1468 1291 1891 1849 1423 1071 1869 1436 1863 BCNSPRNW ULIB Ver.6.0+V

เปลี่ยนเป็นภาษาไทย

Change to English
 แสดงรายละเอียดบรรณานุกรม
  กลับหน้าหลัก

Brief Record : Get Marc (ISO 2709) : E-mail record : QR code < ปิดหน้าต่าง
LEADER : 00000nam 2200000uu 4500
001    13399120590
003     ULIB
008    120928s2549||||th 000 0 tha d
020    ^a9746435469 (ล.2)
020    ^a9789746435475
060  4 ^aWY100^bม111ก ล2
110 1  ^aมหาวิทยาลัยสุโขทัยธรรมาธิราช^bสาขาวิชาพยาบาลศาสตร์
245 00 ^aเอกสารการสอนชุดวิชา การพยาบาลชุมชนและการรักษาพยาบาลเบื้องต้น หน่วยที่8-15=^bCommunity nursing and primary medical care/^cมหาวิทยาลัยสุโขทัยธรรมาธิราช
246 0  ^aCommunity nursing and primary medical care
250    ^aพิมพ์ครั้งที่ 7
260    ^aนนทบุรี:^bศูนย์หนังสือมหาวิทยาลัยสุโขทัยธรรมาธิราช,^c2549
300    ^a555 หน้า
945    ^p264^l0^i14587
945    ^p264^l0^i14586
995    ^aวิภา
999    ^aใช้งานได้ทุกระบบ
รายการนี้ยังไม่มีแท็ก
คุณยังไม่ได้ล็อกอิน คุณสามารถมีกิจกรรมร่วมกับเว็บไซต์ได้ แต่ต้องล็อกอินก่อน ::
  ล็อกอิน

รายการสื่อสารสนเทศ

ลำดับที่ ประเภท เลขเรียก/บาร์โค้ด สถานที่ สถานะ
1. Book การพยาบาล
Book การพยาบาล
สถานะ=หนังสือเก่า
WY100 ม111ก ล2  
  Barcode: 14587
ห้องสมุดวิทยาเขตนครสวรรค์
►หนังสือทั่วไป:l:General Books
บนชั้น
2. Book การพยาบาล
Book การพยาบาล
WY100 ม111ก ล2 ฉ.2 
  Barcode: 14586
ห้องสมุดวิทยาเขตนครสวรรค์
►ส่วนจัดเก็บหนังสือเก่า นว.
บนชั้น
  ขอยืม

BibComment


ยังไม่เคยถูกคอมเมนท์

คอมเมนท์ทรัพยากรรายการนี้
  คอมเมนท์: เอกสารการสอนชุดว..


 Copyright 2026. Bcnsprnw @Library